| 000 | 01116nam a2200289 u 4500 | ||
|---|---|---|---|
| 001 | 00020321 | ||
| 003 | DO-SdBNP | ||
| 005 | 20240722125448.0 | ||
| 007 | 00020321 | ||
| 008 | 100804s2002 dr a 000 0 spa d | ||
| 020 | _a99934413X | ||
| 040 |
_aBPMSU _bspa _cBPMSU |
||
| 082 | 4 |
_a372.372 _bE65q 2006 _222 |
|
| 100 | 1 | _aErbiti, Alejandra | |
| 245 | 1 | 0 |
_a Quiero saber : _beducación sexual para niños / _c Alejandra Erbiti |
| 260 | 0 |
_aColombia : _bCírculo Latino Astral , _c2006 |
|
| 300 |
_a200 p. : _bil. ; _c28 cm. |
||
| 505 |
_tLos niños y las niñas crecen y se desarrollan -- _tLos órganos genitales y la salud de mi cuerpo -- _tMi mundo familiar y social -- _tLa reproducción humana -- _t Mi relación con la sociedad -- |
||
| 590 | _aInventariado, 2024/VM | ||
| 650 | 4 | _aEducación sexual para niños | |
| 650 | 4 |
_aSexualidad infantil _x |
|
| 650 | 4 |
_aEDUCACIÓN SEXUAL PARA NIÑOS _xESTUDIOS Y EJERCÍCIOS |
|
| 650 | 4 |
_aEDUCACIÓN SEXUAL _xENSEÑANZA BÁSICA |
|
| 650 | 4 |
_aEDUCACIÓN PRIMARIA _zREPÚBLICA DOMINICANA |
|
| 910 | _aVMateo V. Control de calidad. BPMSU | ||
| 942 |
_2ddc _cBK |
||
| 999 |
_c14741 _d14741 |
||